KOHA-Header-6

The C++ Programming Language (Record no. 12831)

000 -LEADER
fixed length control field 00291nam a22001337a 4500
020 ## - INTERNATIONAL STANDARD BOOK NUMBER
ISBN 9788131705216
082 ## - DEWEY DECIMAL CLASSIFICATION NUMBER
Classification number 005.133
100 ## - MAIN ENTRY--AUTHOR NAME
Personal name Stroustrup Bjarne
245 ## - TITLE STATEMENT
Title The C++ Programming Language
250 ## - EDITION STATEMENT
Edition statement 3rd
260 ## - PUBLICATION, DISTRIBUTION, ETC. (IMPRINT)
Place of publication India
Name of publisher Pearson
Year of publication 2006
300 ## - PHYSICAL DESCRIPTION
Number of Pages 1019 pages
942 ## - ADDED ENTRY ELEMENTS (KOHA)
Koha item type Books
Holdings
Withdrawn status Lost status Collection code Permanent Location Current Location Shelving location Date acquired Full call number Accession Number Koha item type
    Computer Science MAJU MAJU Shelf No.A33 2020-12-07 005.133 9951 Computer Science

Powered by Koha